[Event "15th ECI tournament, Euwe memorial"]
[Site "Sas van Gent"]
[Date "1988.08.??"]
[Round "9"]
[White "Weemaes, Ronald"]
[Black "Faragó, Sándor"]
[Result "1/2-1/2"]
[WhiteElo "2340"]
[BlackElo "2400"]
[EventDate "1988.08.04"]
[Source "M. Ploeger, 15e Internationaal ECI-schaaktoernooi, 1988"]
[WhiteTitle "FM"]
[BlackTitle "IM"]

1. d4 Nf6 2. Nf3 g6 3. g3 b6 4. Bg2 Bb7 5. O-O Bg7 6. c4 O-O 7. Qc2 e6 8. Nc3
d5 9. Ne5 c6 10. Rd1 Nbd7 11. e4 dxe4 12. Be3 Qc8 13. Nxd7 Qxd7 14. Nxe4 Nxe4
15. Bxe4 Qe7 16. c5 Rfd8 17. b4 bxc5 18. bxc5 Rd7 19. Rab1 Rad8 20. Qa4 Ba8
21. Bxc6 Bxc6 22. Qxc6 Bxd4 23. Rxd4 Rxd4 24. Bxd4 Rxd4 25. Rb7 Qf6 26. Rd7 Rc4
27. Rd2 Kg7 28. Qa6 Rxc5 29. Qxa7 Qe5 30. Rd1 Ra5 31. Qb6 Rxa2 32. Rf1 Rd2
33. Qc6 h5 34. h4 Qd4 35. Qf3 Qg4 36. Qg2 e5 37. Re1 Rd1 38. Rxd1 Qxd1+ 39. Kh2
Qe2 40. Qg1 Kh7 41. Kg2 1/2-1/2

[Event "15th ECI tournament, Euwe memorial"]
[Site "Sas van Gent"]
[Date "1988.08.??"]
[Round "9"]
[White "Cardon, Helmut"]
[Black "Meulders, Richard"]
[Result "1/2-1/2"]
[WhiteElo "2380"]
[BlackElo "2320"]
[EventDate "1988.08.04"]
[Source "M. Ploeger, 15e Internationaal ECI-schaaktoernooi, 1988"]
[WhiteTitle "IM"]
[BlackTitle "FM"]

1. Nf3 d5 2. c4 d4 3. d3 Nc6 4. g3 e5 5. Bg2 Bb4+ 6. Bd2 a5 7. O-O Nf6 8. Na3
O-O 9. Nc2 Bc5 10. a3 a4 11. Nb4 Qd6 12. Nxc6 1/2-1/2

[Event "15th ECI tournament, Euwe memorial"]
[Site "Sas van Gent"]
[Date "1988.08.??"]
[Round "9"]
[White "Vogel, Jaap"]
[Black "Tonoli, Walter"]
[Result "1-0"]
[WhiteElo "2250"]
[BlackElo "2335"]
[EventDate "1988.08.04"]
[Source "M. Ploeger, 15e Internationaal ECI-schaaktoernooi, 1988"]
[WhiteTitle "FM"]

1. Nf3 c5 2. g3 g6 3. c3 Bg7 4. d4 cxd4 5. cxd4 d5 6. Nc3 Nf6 7. Ne5 e6 8. Bg2
O-O 9. O-O Nfd7 10. f4 Nc6 11. Be3 Ne7 12. Bf2 Nb6 13. a4 a5 14. g4 f6 15. Nd3
Nc4 16. Rc1 Nd6 17. Qb3 Kh8 18. e4 Nxe4 19. Nxe4 dxe4 20. Bxe4 f5 21. gxf5 gxf5
22. Bf3 Bxd4 23. Bxd4+ Qxd4+ 24. Kh1 Nd5 25. Rc4 Qf6 26. Bxd5 exd5 27. Rc7 Qd6
28. Rfc1 d4 29. R1c5 b6 30. Qd5 Qxd5+ 31. Rxd5 Be6 32. Rd6 Rae8 33. Ne5 Kg8
34. Kg1 Bc8 35. Rxb6 Re6 36. Rxc8 Rxc8 37. Rxe6 Rc1+ 38. Kg2 Rc2+ 39. Kg3 Rxb2
40. Rd6 Rb4 41. Nc6 Rxa4 42. Nxd4 1-0

[Event "15th ECI tournament, junior tournament"]
[Site "Sas van Gent"]
[Date "1988.08.??"]
[Round "1"]
[White "Van Wonterghem, Geert"]
[Black "Manca, Federico"]
[Result "0-1"]
[WhiteElo "2120"]
[BlackElo "2325"]
[EventDate "1988.08.04"]
[Source "M. Ploeger, 15e Internationaal ECI-schaaktoernooi, 1988"]

1. c4 e5 2. Nc3 d6 3. g3 f5 4. Bg2 Nf6 5. Nf3 Be7 6. O-O O-O 7. b4 Qe8 8. d3
Qh5 9. Nd5 Bd8 10. Qb3 Kh8 11. a4 Nbd7 12. Ba3 c6 13. Nxf6 Nxf6 14. Rfe1 Be6
15. Qc3 Bc7 16. c5 Nd5 17. Qb2 dxc5 18. bxc5 e4 19. Nd4 Be5 20. dxe4 fxe4 21. e3
Nf6 22. Re2 Bh3 23. Bh1 Ng4 24. Rae1 Bf1 25. Kxf1 Nxh2+ 26. Kg1 Nf3+ 27. Nxf3
Bxb2 28. Rxb2 exf3 29. Rxb7 Rfb8 30. Rc7 Rb3 31. Bc1 Qd5 32. e4 Qxc5 33. Be3 Qa5
34. Rc1 Qxc7 35. Bxf3 Rxe3 0-1

[Event "15th ECI tournament, junior tournament"]
[Site "Sas van Gent"]
[Date "1988.08.??"]
[Round "1"]
[White "Birlenbach, Ingride"]
[Black "Le Quang, Kim"]
[Result "0-1"]
[WhiteElo "1800"]
[BlackElo "2127"]
[EventDate "1988.08.04"]
[Source "M. Ploeger, 15e Internationaal ECI-schaaktoernooi, 1988"]

1. e4 c5 2. Nf3 d6 3. d4 cxd4 4. Nxd4 Nf6 5. Nc3 Nc6 6. Be3 Ng4 7. Nxc6 bxc6
8. Bf4 Qb6 9. Bg3 Qxb2 10. Ne2 e5 11. Ng1 Qc3+ 12. Ke2 Ba6+ 0-1

[Event "15th ECI tournament, junior tournament"]
[Site "Sas van Gent"]
[Date "1988.08.??"]
[Round "2"]
[White "Le Quang, Kim"]
[Black "Boim, Inon"]
[Result "1/2-1/2"]
[WhiteElo "2127"]
[BlackElo "2265"]
[EventDate "1988.08.04"]
[Source "M. Ploeger, 15e Internationaal ECI-schaaktoernooi, 1988"]

1. e4 c5 2. Nf3 e6 3. d4 cxd4 4. Nxd4 a6 5. Bd3 Nc6 6. Nxc6 dxc6 7. Be3 Nf6
8. O-O e5 9. h3 Be7 10. a4 O-O 11. Nd2 Nd7 12. a5 Bc5 13. Qe2 Qe7 14. Nb3 Rd8
15. Rfd1 Bxe3 16. Qxe3 Nf8 17. Bf1 Ne6 18. Qb6 Re8 19. Rd2 Ng5 20. Qe3 f5
21. exf5 Bxf5 22. Nc5 h6 23. Rad1 Kh8 24. b4 e4 25. Bc4 Qf8 26. h4 Nf7 27. Nxb7
Ne5 28. Nd6 Nxc4 29. Nxc4 Qxb4 30. Nd6 Rf8 31. Nxf5 Rxf5 32. Qb6 Qc4 33. Qb7
Raf8 34. Qe7 R5f7 35. Qe5 e3 36. Qxe3 Qxh4 37. Re1 Rf5 38. Qg3 Qxg3 39. fxg3
Rxa5 40. Re7 Rg5 41. Ra7 a5 42. Rd4 Re8 43. Rc4 Re2 44. Kh2 h5 45. Rc3 Kh7
46. Ra6 Rd5 47. Rcxc6 Rdd2 48. Kh3 Rxg2 49. Kh4 Rh2+ 50. Kg5 Rd4 51. Rxa5 Rg4+
52. Kf5 Rxg3 53. c4 Rg4 54. Ke6 Rg6+ 55. Kd7 Rxc6 56. Kxc6 Kh6 57. Kd7 Rd2+
58. Ke7 h4 59. c5 Rc2 60. Kd7 g5 61. c6 Kh5 62. c7 h3 63. Ra8 g4 64. Rh8+ Kg5
65. c8=Q Rxc8 66. Kxc8 Kf4 67. Kd7 Kf3 68. Ke6 Kg2 69. Kf5 1/2-1/2

[Event "15th ECI tournament, junior tournament"]
[Site "Sas van Gent"]
[Date "1988.08.??"]
[Round "2"]
[White "McInerney, John"]
[Black "Van Wonterghem, Geert"]
[Result "1-0"]
[WhiteElo "1910"]
[BlackElo "2120"]
[EventDate "1988.08.04"]
[Source "M. Ploeger, 15e Internationaal ECI-schaaktoernooi, 1988"]

1. d4 Nf6 2. c4 c5 3. d5 e6 4. Nc3 exd5 5. cxd5 Bd6 6. e4 Bc7 7. Nf3 d6 8. Be2
O-O 9. O-O Re8 10. Nd2 a6 11. a4 Nbd7 12. f4 Nf8 13. Qb3 Rb8 14. Bd3 Bd7 15. Re1
Ng6 16. g3 Re7 17. Kg2 Qe8 18. a5 b5 19. axb6 Rxb6 20. Qc2 Bb5 21. Nc4 Rb7
22. Bd2 Qb8 23. Ra2 Bxc4 24. Bxc4 a5 25. b3 h5 26. h3 Qe8 27. Qd3 h4 28. g4 Rb4
29. Kf3 Rb7 30. Na4 Nd7 31. Bc3 f6 32. Rf2 Kh8 33. Qe3 Nb6 34. Nxb6 Bxb6 35. Qd3
Bc7 36. Ra2 Ra7 37. Ra4 Qd8 38. Bb5 Rf7 39. Qe3 Qb8 40. Qd3 1-0

[Event "15th ECI tournament, junior tournament"]
[Site "Sas van Gent"]
[Date "1988.08.??"]
[Round "3"]
[White "Le Quang, Kim"]
[Black "Beake, Benjamin"]
[Result "0-1"]
[WhiteElo "2127"]
[BlackElo "2184"]
[EventDate "1988.08.04"]
[Source "M. Ploeger, 15e Internationaal ECI-schaaktoernooi, 1988"]

1. e4 e6 2. d4 d5 3. Nc3 Bb4 4. e5 c5 5. a3 Bxc3+ 6. bxc3 Qc7 7. Qg4 f6 8. Bb5+
Kf8 9. a4 cxd4 10. Ba3+ Kf7 11. Ne2 fxe5 12. cxd4 a6 13. dxe5 Qxe5 14. Qb4 Qxa1+
15. Kd2 Qxa3 16. Qxa3 axb5 17. Qc5 Nf6 18. Qc7+ Bd7 19. axb5 Rc8 20. Qxb7 Ne4+
21. Ke3 Ra3+ 22. c3 Nd6 0-1

[Event "15th ECI tournament, junior tournament"]
[Site "Sas van Gent"]
[Date "1988.08.??"]
[Round "3"]
[White "Van Wonterghem, Geert"]
[Black "Birlenbach, Ingride"]
[Result "1-0"]
[WhiteElo "2120"]
[BlackElo "1800"]
[EventDate "1988.08.04"]
[Source "M. Ploeger, 15e Internationaal ECI-schaaktoernooi, 1988"]

1. c4 Nf6 2. Nf3 g6 3. Nc3 Bg7 4. g3 O-O 5. Bg2 Re8 6. O-O d6 7. Rb1 c5 8. d4
Bf5 9. Ra1 Nbd7 10. Re1 Ne4 11. Nh4 Ndf6 12. Nxf5 gxf5 13. Nxe4 Nxe4 14. d5 Qd7
15. Qd3 Nf6 16. Bh3 e6 17. Rb1 a6 18. Bf4 b5 19. b3 a5 20. f3 a4 21. dxe6 fxe6
22. Qxd6 Rac8 23. Qxd7 Nxd7 24. cxb5 axb3 25. Rxb3 Ra8 26. b6 Rxa2 27. b7 e5
28. Bxf5 Nb8 29. Be3 1-0

[Event "15th ECI tournament, junior tournament"]
[Site "Sas van Gent"]
[Date "1988.08.??"]
[Round "4"]
[White "McInerney, John"]
[Black "Le Quang, Kim"]
[Result "0-1"]
[WhiteElo "1910"]
[BlackElo "2127"]
[EventDate "1988.08.04"]
[Source "M. Ploeger, 15e Internationaal ECI-schaaktoernooi, 1988"]

1. d4 Nf6 2. c4 g6 3. Nc3 Bg7 4. e4 d6 5. Be2 O-O 6. Bg5 h6 7. Be3 c5 8. d5 e6
9. Qd2 exd5 10. exd5 Kh7 11. Nf3 Ng4 12. Bf4 Ne5 13. Nxe5 dxe5 14. Be3 b6
15. O-O f5 16. f4 e4 17. a3 a5 18. b3 Qf6 19. Rfc1 Rd8 20. Rab1 Nc6 21. Nb5 Nd4
22. b4 axb4 23. axb4 Bd7 24. Bxd4 cxd4 25. c5 Bxb5 26. Bxb5 Rxd5 27. Bc4 Rdd8
28. Rb3 d3 29. c6 Qd4+ 30. Kh1 Ra1 31. Qd1 Rxc1 32. Qxc1 d2 0-1

[Event "15th ECI tournament, junior tournament"]
[Site "Sas van Gent"]
[Date "1988.08.??"]
[Round "4"]
[White "Barthel, Bergit"]
[Black "Van Wonterghem, Geert"]
[Result "0-1"]
[WhiteElo "2060"]
[BlackElo "2120"]
[EventDate "1988.08.04"]
[Source "M. Ploeger, 15e Internationaal ECI-schaaktoernooi, 1988"]

1. e4 e6 2. d4 d5 3. Nc3 Bb4 4. e5 c5 5. a3 Bxc3+ 6. bxc3 Ne7 7. Qg4 Qc7
8. Qxg7 Rg8 9. Qxh7 cxd4 10. Ne2 dxc3 11. f4 Bd7 12. Rb1 Nbc6 13. Qd3 Rc8
14. Ng3 Rg6 15. Nh5 Kf8 16. a4 Na5 17. Qh3 Qc5 18. Bd3 Bxa4 19. Bxg6 Nxg6
20. Ra1 b5 21. Nf6 Ke7 22. f5 Nxe5 23. Qh4 Qc4 24. Ba3+ Kd8 25. Ne4+ Kc7
26. Qe7+ Kb6 27. Nd6 Qc7 28. Nxc8+ Qxc8 29. Qd6+ Nac6 30. Qc5+ Kb7 31. Qxc3 d4
32. Qd2 Nc4 33. Qe2 Ne3 34. Rc1 e5 35. g4 Qd8 36. Qf2 Nxg4 37. Qf3 Ne3 38. c4
bxc4 39. Rb1+ Bb3 40. Bc1 Qh4+ 41. Qf2 Qe4 0-1

[Event "15th ECI tournament, junior tournament"]
[Site "Sas van Gent"]
[Date "1988.08.??"]
[Round "5"]
[White "Le Quang, Kim"]
[Black "Ruxton, Keith"]
[Result "1/2-1/2"]
[WhiteElo "2127"]
[BlackElo "2150"]
[EventDate "1988.08.04"]
[Source "M. Ploeger, 15e Internationaal ECI-schaaktoernooi, 1988"]

1. e4 c6 2. d4 d5 3. Nd2 dxe4 4. Nxe4 Bf5 5. Ng3 Bg6 6. h4 h6 7. f4 e6 8. Nf3
Nd7 9. h5 Bh7 10. Bd3 Bxd3 11. Qxd3 Qc7 12. Bd2 Bd6 13. Ne5 Nxe5 14. fxe5 Bf8
15. O-O O-O-O 16. b4 c5 17. bxc5 Rxd4 18. Rxf7 Rxd3 1/2-1/2

[Event "15th ECI tournament, junior tournament"]
[Site "Sas van Gent"]
[Date "1988.08.??"]
[Round "5"]
[White "Van Wonterghem, Geert"]
[Black "de Waal, Mark"]
[Result "1-0"]
[WhiteElo "2120"]
[BlackElo "1957"]
[EventDate "1988.08.04"]
[Source "M. Ploeger, 15e Internationaal ECI-schaaktoernooi, 1988"]

1. c4 e5 2. Nc3 Nf6 3. Nf3 d6 4. g3 g6 5. Bg2 Bg7 6. O-O O-O 7. d3 Nbd7 8. Rb1
Ne8 9. b4 f5 10. Qb3 h6 11. a4 Kh7 12. Ba3 g5 13. b5 g4 14. Nh4 h5 15. a5 Rb8
16. Nd5 Bh6 17. Bc1 Nc5 18. Qc3 Bg7 19. Be3 b6 20. axb6 axb6 21. Ra1 Nf6 22. Ra7
Nxd5 23. Bxd5 Ne6 24. Qc1 f4 25. Bd2 Nd4 26. Qd1 Rf6 27. e3 Ne6 28. exf4 exf4
29. f3 Ng5 30. Qe1 Nh3+ 31. Kg2 fxg3 32. Qe4+ Kh8 33. Ng6+ Rxg6 34. Qxg6 gxf3+
35. Rxf3 Bg4 36. Rf7 Qg8 37. Raxc7 Re8 38. Rxg7 Re2+ 39. Kxg3 h4+ 1-0

[Event "15th ECI tournament, junior tournament"]
[Site "Sas van Gent"]
[Date "1988.08.??"]
[Round "6"]
[White "Ruxton, Keith"]
[Black "Van Wonterghem, Geert"]
[Result "1-0"]
[WhiteElo "2150"]
[BlackElo "2120"]
[EventDate "1988.08.04"]
[Source "M. Ploeger, 15e Internationaal ECI-schaaktoernooi, 1988"]

1. e4 c5 2. Nf3 d6 3. d4 cxd4 4. Nxd4 Nc6 5. Nc3 g6 6. Be3 Bg7 7. Qd2 Nf6 8. f3
O-O 9. Bc4 Bd7 10. O-O-O Rc8 11. Bb3 Ne5 12. h4 h5 13. Bg5 Nh7 14. Bh6 Rc5
15. Bxg7 Kxg7 16. g4 hxg4 17. f4 Nf3 18. Nxf3 gxf3 19. e5 Bf5 20. h5 Qc7
21. hxg6 Bxg6 22. f5 Bxf5 23. Qh6+ 1-0

[Event "15th ECI tournament, junior tournament"]
[Site "Sas van Gent"]
[Date "1988.08.??"]
[Round "6"]
[White "Grønn, Atle"]
[Black "Le Quang, Kim"]
[Result "1-0"]
[WhiteElo "2205"]
[BlackElo "2127"]
[EventDate "1988.08.04"]
[Source "M. Ploeger, 15e Internationaal ECI-schaaktoernooi, 1988"]

1. Nf3 Nf6 2. c4 g6 3. g3 Bg7 4. Bg2 O-O 5. d4 d6 6. O-O Nbd7 7. Nc3 e5 8. e4
a6 9. Re1 exd4 10. Nxd4 Ne5 11. b3 c5 12. Nc2 b5 13. cxb5 Qa5 14. Bb2 Rd8 15. f4
Bg4 16. Qd2 Nf3+ 17. Bxf3 Bxf3 18. bxa6 Rxa6 19. Qe3 Bg4 20. e5 dxe5 21. fxe5
Nd5 22. Nxd5 Rxd5 23. Qf4 Be6 24. Red1 Qd8 25. Ne3 Rxd1+ 26. Rxd1 Qf8 27. Qh4
Ra8 28. Rd3 Bh6 29. Bc3 g5 30. Qe4 Rxa2 31. Bd2 Ra1+ 32. Kf2 f5 33. Qc6 Bc8
34. Nd5 f4 35. Qxc8 fxg3+ 36. Kg2 Qxc8 37. Ne7+ Kf7 38. Nxc8 Ra2 39. Kxg3 1-0

[Event "15th ECI tournament, junior tournament"]
[Site "Sas van Gent"]
[Date "1988.08.??"]
[Round "7"]
[White "Menghi, Carlo"]
[Black "Le Quang, Kim"]
[Result "0-1"]
[WhiteElo "2131"]
[BlackElo "2127"]
[EventDate "1988.08.04"]
[Source "M. Ploeger, 15e Internationaal ECI-schaaktoernooi, 1988"]

1. Nf3 Nf6 2. g3 g6 3. b3 Bg7 4. Bb2 O-O 5. Bg2 d6 6. c4 e5 7. Nc3 Nc6 8. d4 e4
9. Ng5 e3 10. fxe3 Ng4 11. Bxc6 bxc6 12. Nf3 Nxe3 13. Qd3 Bh6 14. d5 Bf5 15. Ne4
Bxe4 16. Qxe4 cxd5 17. cxd5 Qd7 18. Kf2 Qh3 19. Rag1 Rae8 20. Qd4 f6 0-1

[Event "15th ECI tournament, junior tournament"]
[Site "Sas van Gent"]
[Date "1988.08.??"]
[Round "7"]
[White "Van Wonterghem, Geert"]
[Black "Benschop, Annemarie"]
[Result "1/2-1/2"]
[WhiteElo "2120"]
[BlackElo "1957"]
[EventDate "1988.08.04"]
[Source "M. Ploeger, 15e Internationaal ECI-schaaktoernooi, 1988"]

1. c4 e5 2. Nc3 Nf6 3. Nf3 Nc6 4. g3 g6 5. Bg2 Bg7 6. O-O O-O 7. Rb1 a5 8. a3
d6 9. b4 axb4 10. axb4 Bf5 11. d3 Qd7 12. Re1 h6 13. b5 Ne7 14. Nh4 Rfb8
15. Nxf5 Nxf5 16. Bh3 Qe7 17. Bxf5 gxf5 18. e3 Qd7 19. Bd2 Re8 20. Nd5 Nxd5
21. cxd5 c6 22. dxc6 bxc6 23. Qb3 cxb5 24. Qd5 Qe6 25. Rxb5 Reb8 26. Rc1 Qxd5
27. Rxd5 Ra2 28. Be1 Bf8 29. Kg2 Rbb2 30. d4 f6 31. Ra5 Kf7 32. Rc7+ Kg6 33. h4
h5 34. Rc8 Kf7 35. Rc7+ Kg6 36. Rca7 Rxa5 37. Rxa5 Rb6 38. Ra7 Rc6 39. Bb4 Rb6
40. Ba3 Rc6 41. Rb7 Bh6 42. Rd7 Bf8 43. Rb7 1/2-1/2

[Event "15th ECI tournament, junior tournament"]
[Site "Sas van Gent"]
[Date "1988.08.??"]
[Round "8"]
[White "Le Quang, Kim"]
[Black "Nielsen, Thomas Bach"]
[Result "1/2-1/2"]
[WhiteElo "2127"]
[BlackElo "2162"]
[EventDate "1988.08.04"]
[Source "M. Ploeger, 15e Internationaal ECI-schaaktoernooi, 1988"]

1. e4 c6 2. d4 d5 3. Nd2 dxe4 4. Nxe4 Nf6 5. Nxf6+ gxf6 6. Bc4 Bf5 7. Ne2 Nd7
8. O-O Qc7 9. Re1 e6 10. Bf4 Bd6 11. Bxd6 Qxd6 12. Ng3 Bg6 13. Ne4 Qc7 14. Qf3
f5 15. Ng5 O-O-O 16. c3 Nf6 17. Nh3 Bh5 18. Qf4 Rhg8 19. Qxc7+ Kxc7 20. Kf1 Ne4
21. Be2 Nd2+ 22. Kg1 Nf3+ 23. Bxf3 Bxf3 24. g3 h5 25. Re3 Be4 26. f3 Bd5 27. b3
c5 28. dxc5 h4 29. Kf2 hxg3+ 30. hxg3 Bc6 31. Nf4 Rh8 32. Rg1 Rh2+ 33. Rg2 Rh1
34. Rg1 Rxg1 35. Kxg1 Rd2 36. a4 Ra2 37. Rd3 Ra3 38. c4 Be8 39. Kf2 Kc6 40. b4
Rxa4 41. Rb3 a5 42. Nd3 axb4 43. Ke3 f6 44. f4 b6 45. cxb6 Kxb6 46. Kd4 Ka5
47. Kc5 Ra3 48. Rxb4 Rxd3 49. Rb8 Bc6 50. Kxc6 e5 51. fxe5 fxe5 52. Rb5+ Ka6
53. Rxe5 Rxg3 54. Re6 Rg8 55. Kc7+ Ka7 56. Rf6 Rg7+ 57. Kd6 Kb7 58. c5 f4
59. Kd5 Kc7 60. Rxf4 Rg6 61. Rf7+ Kc8 62. Kc4 Rh6 63. Kb5 Rg6 64. Rh7 Rf6
65. Rh5 Rg6 66. Rd5 Rh6 67. c6 Rh1 68. Kc5 Kc7 69. Rd7+ Kc8 70. Rd5 Kc7 71. Rd7+
Kc8 72. Rd4 Kc7 1/2-1/2

[Event "15th ECI tournament, junior tournament"]
[Site "Sas van Gent"]
[Date "1988.08.??"]
[Round "8"]
[White "Dekker, Theo"]
[Black "Van Wonterghem, Geert"]
[Result "1-0"]
[WhiteElo "1800"]
[BlackElo "2120"]
[EventDate "1988.08.04"]
[Source "M. Ploeger, 15e Internationaal ECI-schaaktoernooi, 1988"]

1. e4 e6 2. d4 d5 3. e5 c5 4. c3 Nc6 5. Nf3 Qb6 6. a3 c4 7. g3 Na5 8. Nbd2 Bd7
9. Bh3 f6 10. exf6 gxf6 11. O-O O-O-O 12. Re1 Re8 13. Rb1 Nb3 14. Nxb3 cxb3
15. Bf4 Ne7 16. Rc1 Ng6 17. Be3 Kb8 18. Nd2 Ba4 19. c4 h5 20. cxd5 exd5 21. Bf4+
Bd6 22. Rxe8+ Rxe8 23. Bxd6+ Qxd6 24. Qxh5 Ne7 25. Nxb3 b6 26. Nd2 Rf8 27. Re1
f5 28. Qe2 Nc6 29. b3 Nxd4 30. Qd3 Nxb3 31. Nxb3 Qxa3 32. Nc1 Qb4 33. Re6 Bd7
34. Re2 Bb5 35. Qd2 Qd6 36. Re1 f4 37. Re6 Qc5 38. Re5 fxg3 39. hxg3 Bc6 40. Bg2
Qd6 41. Qd4 Qh6 42. Re1 Qg5 43. Qe5+ Qxe5 44. Rxe5 Kc7 45. Re7+ Kb8 46. Nd3 Rd8
47. Nb4 Bb7 48. Re5 d4 49. Bxb7 Kxb7 50. Re7+ Kc8 51. Rxa7 1-0

[Event "15th ECI tournament, junior tournament"]
[Site "Sas van Gent"]
[Date "1988.08.??"]
[Round "9"]
[White "Le Quang, Kim"]
[Black "Dekker, Theo"]
[Result "0-1"]
[WhiteElo "2127"]
[BlackElo "1800"]
[EventDate "1988.08.04"]
[Source "M. Ploeger, 15e Internationaal ECI-schaaktoernooi, 1988"]

1. e4 e6 2. d4 d5 3. Nc3 Bb4 4. e5 c5 5. a3 Bxc3+ 6. bxc3 Ne7 7. h4 Nbc6 8. h5
h6 9. Qg4 Qa5 10. Bd2 Rg8 11. a4 c4 12. Rh3 Bd7 13. Rf3 b5 14. Rf4 bxa4 15. Qf3
Rf8 16. Bc1 Rb8 17. Ba3 Rb5 18. Kd1 a6 19. g4 Qb6 20. Kc1 a5 21. Bd6 Nb4
22. cxb4 axb4 23. Rxa4 Ra5 24. Rxa5 Qxa5 25. Kb1 b3 26. cxb3 Qe1+ 27. Kb2 Qd2+
28. Ka3 Qc1+ 29. Ka2 c3 30. Ba3 Qc2+ 31. Ka1 Qxb3 32. Bc1 Bc6 33. Ba6 Kd7
34. Qe2 c2 35. Bb2 Qa4+ 36. Ba3 Qxa3# 0-1

[Event "15th ECI tournament, junior tournament"]
[Site "Sas van Gent"]
[Date "1988.08.??"]
[Round "9"]
[White "Kindt, Manfred"]
[Black "Van Wonterghem, Geert"]
[Result "0-1"]
[WhiteElo "1800"]
[BlackElo "2120"]
[EventDate "1988.08.04"]
[Source "M. Ploeger, 15e Internationaal ECI-schaaktoernooi, 1988"]

1. e4 e6 2. Qe2 c5 3. f4 Nf6 4. Nf3 Nc6 5. d3 d5 6. g3 b6 7. Bg2 Bb7 8. O-O
dxe4 9. dxe4 Nd4 10. Nxd4 Qxd4+ 11. Be3 Qxb2 12. Nd2 Qa3 13. Qb5+ Nd7 14. Nc4
Qa6 15. Qb3 b5 16. Nb2 Be7 17. a4 b4 18. Rfd1 Nf6 19. Bf1 Qb6 20. Bb5+ Bc6
21. Qxb4 O-O 22. Qb3 Bxb5 23. axb5 a6 24. bxa6 Rxa6 25. Rxa6 Qxa6 26. Qd3 Qb7
27. e5 Qxb2 28. exf6 Qxf6 29. Qb5 Qc3 30. Qd3 Qb4 31. Bd2 Qa4 32. Bc3 c4 33. Qe4
h6 34. Ra1 Qb5 35. Ra8 Rxa8 36. Qxa8+ Bf8 37. Qe4 Qd5 38. Qxd5 exd5 39. f5 Bc5+
40. Kg2 g6 41. g4 Kf8 42. Bf6 Be3 43. Kf3 Bc1 44. h3 gxf5 45. gxf5 Ke8 46. Kg4
Kd7 47. h4 Kd6 48. Bd4 Kc6 49. h5 Kb5 50. Kf3 Kb4 51. Ke2 Bg5 52. Kf3 Bd2
53. Bg7 Kc5 54. Bf8+ Kc6 55. Bg7 Kd6 56. Bf6 Bc1 57. Ke2 Bf4 58. Bg7 Ke7 59. Kf3
Bg5 60. Bd4 Bf6 61. Bc5+ Kd7 62. Be3 Bg7 63. Kg4 Kd6 64. f6 Bxf6 65. Bxh6 Ke5
66. Bf8 Bh8 67. Kg5 d4 68. h6 d3 69. cxd3 cxd3 70. Bb4 Ke4 71. Bd2 Kf3 72. Kf5
Ke2 73. Bg5 d2 74. Bf6 d1=Q 75. Bxh8 Qd3+ 0-1